The growth and sustainability of agriculture in Asia / (Record no. 18423)

000 -LEADER
fixed length control field 00653cam a22002054a 4500
020 ## - INTERNATIONAL STANDARD BOOK NUMBER
ISBN 0195924509 (pbk.)
020 ## - INTERNATIONAL STANDARD BOOK NUMBER
ISBN 0195924495 (hbk.)
040 ## - CATALOGING SOURCE
Transcribing agency DLC
082 00 - DEWEY DECIMAL CLASSIFICATION NUMBER
Classification number 630 OXF 2000 C145 Or.
100 ## - MAIN ENTRY--AUTHOR NAME
Personal name Mingsan Khāosaʻāt.
245 14 - TITLE STATEMENT
Title The growth and sustainability of agriculture in Asia /
260 ## - PUBLICATION, DISTRIBUTION, ETC. (IMPRINT)
Place of publication Oxford [England] ;
-- New York :
Name of publisher Oxford University Press,
Year of publication 2000.
300 ## - PHYSICAL DESCRIPTION
Number of Pages xii, 303 p. ;
Dimensions 23 cm.
650 #0 - SUBJECT ADDED ENTRY--TOPICAL TERM
Topical Term Agriculture
650 #0 - SUBJECT ADDED ENTRY--TOPICAL TERM
Topical Term Agricultural productivity
650 #0 - SUBJECT ADDED ENTRY--TOPICAL TERM
Topical Term Sustainable development
700 1# - ADDED ENTRY--PERSONAL NAME
Personal name Benjavan Rerkasem.
856 42 - ELECTRONIC LOCATION AND ACCESS
Uniform Resource Identifier http://www.loc.gov/catdir/enhancements/fy0610/00064983-d.html
942 ## - ADDED ENTRY ELEMENTS (KOHA)
Koha item type ADB
952 ## - LOCATION AND ITEM INFORMATION (KOHA)
Withdrawn status [LOCAL, KOHA] 0
Holdings
Source of acquisition Permanent Location Date acquired Koha item type Lost status Shelving location Current Location Full call number
A36018Library Block C2019-11-28សៀវភៅភាសាអង់គ្លេស C145Library Block C630 OXF 2000 C145 Or.
មជ្ឈមណ្ឌលឯការនៃសាកលវិទ្យាល័យភូមិន្ទកសិកម្មចំការដូង

Powered by Koha